Derecho usual y práctica forense /

Guardado en:
Autor Principal: Fraga, Norberto E.
Otros Autores: Ribas, Gabriel Antonio
Formato: Libro
Publicado: Buenos Aires : A-z, 2002
Edición:7a. ed.
Materias:
Etiquetas: Agregar Etiqueta
Sin Etiquetas, Sea el primero en etiquetar este registro!
LEADER 00863nam a22002055a 4500
001 CEM.cems010870
005 20080311105127.0
008 130507s2002##################000#0#####d
003 CEMS
020 |a 9505347014 
082 0 4 |a 346 
100 1 |a Fraga, Norberto E. 
245 1 0 |a Derecho usual y práctica forense /  |c Norberto E. Fraga, Gabriel A. Ribas 
250 |a 7a. ed. 
260 |a Buenos Aires :  |b A-z,  |c 2002 
300 |a 263 p. 
505 0 |a El derecho usual y el Código Civil Argentino -- Las personas físicas y las personas jurídicas -- El patrimonio -- Hechos y actos jurídicos -- Obligaciones -- Contratos -- Derechos reales -- La familia y las relaciones jurídicas -- Organización de la justicia argentina -- El derecho penal 
653 |a Derecho 
700 1 |a Ribas, Gabriel Antonio 
859 |a CEMS  |b BIB. CEMS - 11 de abril  |h 346  |i F842a7  |p 21580.01  |t Ej.1